Statistiche per Paesi che iniziano con la I

Clicka qui per fare il quiz!

Statistiche generali

  • Questo quiz è stato fatto 1,222 volte
  • Il punteggio medio è 8 su 10

Statistiche sulle risposte

Paese % Corretto
India
89%
Italia
89%
Irlanda
86%
Islanda
86%
Indonesia
83%
Iran
74%
Iraq
74%
Isole {Marshall}
64%
Isole {Salomone}
62%
Israele
62%

Distribuzione punteggi

Percentile per numero di risposta

Percentuale di utenti per punteggio

I tuoi punteggi nel tempo

Non hai fatto questo quiz